000 00622nam a22002297a 4500
003 UA-OsUOA
001 93995
007 ta
008 20130201b un ||||| |||| 00| 0 ukr d
100 _aЧерінь Г.
090 _a821.161.2
_bЧ-47
942 _cBK
040 _aUA-OsUOA
_bukr
_cUA-OsUOA
_dUA-OsUOA
245 _aЧорнозем
_bзбірник
_cупоряд. В. Півторадні
300 _a233 с.
955 _a3
041 _aukr
080 _a821.161.2
260 _aК.
_bМолодь
_c1971
650 7 _a82 Література. Літературознавство
_2UDC
999 _c380230
_d380230